• 首页
  • 本馆介绍
  • 公告通知
  • 最新文献
  • 馆藏检索
  • 电子资源
  • 读者导购
  • 参考咨询
  • 我的图书馆
  • 登录
  • 详细信息显示
  • 放入我的书架
  • 预约/预借图书
  • 作者相关作品
  • 分类相关作品
  • 丛书相关作品
  • 出版社相关作品

书目信息

  • 表格格式
  • 工作单格式
  • 卡片格式
题名:
外国警探史话
    
 
作者: 索沃尔德 著 ;吴敬仁 译
分册:  
出版信息: 北京   群众出版社  1981.01
页数: 127页
开本: 19cm
丛书名:
单 册:
中图分类: D526
科图分类:
主题词: 国际政治
电子资源:
ISBN:
000 00578nam0 2200205 45
001 0206200825
005 20060816105634.92
010    @dCNY0.36
091    @a3067.115
100    @a20020620d1981 km y0chiy0120 ea
101 0  @achi
200 1  @a外国警探史话@AWai Guo Jing Tan Shi Hua@f(德)裘垠·索沃尔德著@F(De)Qiu Yin·Suo Wo Er De Zhu@g吴敬仁译
210    @a北京@c群众出版社@d1981.01
215    @a127页@d19cm
606 0  @a国际政治
690    @aD526@v3
701  0 @a索沃尔德@4著
702  0 @a吴敬仁@AWu Jing Ren@4译
801    @aCN@bTSTC@c20060816
905    @dD526@e120@f1@b56945
    
    外国警探史话/(德)裘垠·索沃尔德著/吴敬仁译.-北京:群众出版社,1981.01
    127页;19cm
    
    
    ISBN :CNY0.36
    
●
相关链接 在E读中查询图书 在五车中查询图书 在当当中查询图书 在豆瓣中查询图书


正题名:外国警探史话     索取号:D526/120         预约/预借

序号 登录号 条形码 馆藏地/架位号 状态 备注
1 0056941   001922129   密集书库/ [索取号:D526/120] 在馆    
2 0056942   001797808   密集书库/ [索取号:D526/120] 在馆    
3 0056943   001797791   密集书库/ [索取号:D526/120] 在馆    
4 0056944   001797773   密集书库/ [索取号:D526/120] 在馆    
5 0056945   000482301   密集书库/ [索取号:D526/120] 在馆    
6 0440460   204404607   密集书库/ [索取号:D526/120] 在馆    
7 0440747   204407472   密集书库/ [索取号:D526/120] 在馆    
8 0440957   204409577   密集书库/ [索取号:D526/120] 在馆    
9 0441019   204410191   密集书库/ [索取号:D526/120] 在馆    
10 0464846   204648462   密集书库/ [索取号:D526/120] 在馆    
唐山师范学院图书馆 欢迎您!
大连网信软件有限公司© 版权所有